Podstata úvěrových derivátů
V posledných rokoch sa objavuje vo svete nový druh finančných nástrojov - úverové deriváty. Cieľom ich používania je riadenie úverového rizika. Definícia úverových derivátov. Druhy úverových derivátov: nástroje úverového zlyhania, swapy celkového výnosu, poukážky spojené s úverovým rizikom, opcie úv...
Gespeichert in:
| 1. Verfasser: | |
|---|---|
| Format: | Buchkapitel |
| Sprache: | Tschechisch |
| Schlagworte: | |
| Tags: |
Keine Tags, Fügen Sie das erste Tag hinzu!
|
MARC
| LEADER | 00000naa a2200000 4500 | ||
|---|---|---|---|
| 001 | r039935 | ||
| 005 | 20231003114233.0 | ||
| 041 | 0 | |a cze | |
| 044 | |a CZ | ||
| 245 | 1 | 0 | |a Podstata úvěrových derivátů |c Josef Jílek |
| 520 | |a V posledných rokoch sa objavuje vo svete nový druh finančných nástrojov - úverové deriváty. Cieľom ich používania je riadenie úverového rizika. Definícia úverových derivátov. Druhy úverových derivátov: nástroje úverového zlyhania, swapy celkového výnosu, poukážky spojené s úverovým rizikom, opcie úverového rozpätia. | ||
| 610 | 2 | 0 | |a deriváty |
| 610 | 2 | 0 | |a úver |
| 610 | 2 | 0 | |a riziko |
| 610 | 2 | 0 | |a pojmy |
| 610 | 2 | 0 | |a swap |
| 610 | 2 | 0 | |a poukážky |
| 610 | 2 | 0 | |a opcie |
| 100 | 1 | |a Jílek, Josef | |